Jim Henson Creature Shop Credits Quiz Stats

 Plays Quiz not verified by Sporcle

Challenge
Share
Tweet
Embed
Score 0/80 Timer 12:00
0 Plays Today
Type Title % Correct
FilmThe Muppets
74.6%
TV SeriesSesame Street
57.7%
FilmGeorge of the Jungle
50.7%
FilmMuppet Treasure Island
46.5%
FilmTeenage Mutant Ninja Turtles
46.5%
FilmThe Muppet Christmas Carol
45.1%
TV MovieJack and the Beanstalk: The Real Story
40.8%
FilmTeenage Mutant Ninja Turtles II: The Secret of the Ooze
36.6%
TV SeriesDinosaurs
33.8%
TV SeriesThe Storyteller
31%
FilmThe Hangover
28.2%
TV MiniseriesGulliver's Travels
28.2%
FilmThe Flintstones
26.8%
FilmThe Country Bears
25.4%
Film101 Dalmatians
25.4%
FilmBabe
25.4%
TV SeriesFarscape
23.9%
TV MiniseriesMerlin
23.9%
TV MiniseriesDinotopia
22.5%
TV MovieSnow Queen
21.1%
TV MovieAnimal Farm
21.1%
TV MiniseriesThe Odyssey
21.1%
FilmMirrorMask
21.1%
FilmFive Children and It
19.7%
FilmThe Flintstones in Viva Rock Vegas
19.7%
FilmLost in Space
19.7%
TV SeriesJim Henson's Creature Shop Challenge
19.7%
FilmStuart Little 2
18.3%
TV MovieAlice in Wonderland
18.3%
FilmDoctor Dolittle
18.3%
FilmWhere the Wild Things Are
18.3%
TV SeriesAll That
15.5%
FilmBuddy
15.5%
TV SeriesSamson and Delilah
15.5%
FilmThe Witches
15.5%
TV MovieJason and the Argonauts
14.1%
FilmThe Neverending Story III
14.1%
TV MovieThe Muppets' Wizard of Oz
11.3%
FilmHarry Potter and the Sorcerer's Stone
11.3%
FilmAre We There Yet?
9.9%
Type Title % Correct
FilmBatman Begins
8.5%
FilmRat
8.5%
TV MiniseriesStephen King's Nightmares and Dreamscapes
7%
FilmThe Hitchhiker's Guide to the Galaxy
7%
FilmCats & Dogs
7%
TV MovieDon Quixote
7%
FilmThe Adventures of Pinocchio
7%
TV Movie20,000 Leagues Under the Sea
5.6%
FilmCutthroat Island
5.6%
FilmThe Producers
4.2%
TV MoviePride
4.2%
FilmJack Frost
4.2%
FilmThe Bear
4.2%
FilmLara Croft Tomb Raider: The Cradle of Life
4.2%
FilmThe Ladykillers
2.8%
TV MovieIt's a Very Merry Muppet Christmas Movie
2.8%
FilmBrotherhood of the Wolf
2.8%
TV MovieArabian Nights
2.8%
FilmThe Talented Mr. Ripley
2.8%
FilmGosford Park
2.8%
FilmThe English Patient
2.8%
FilmForgetting Sarah Marshall
1.4%
FilmAround the World in 80 Days
1.4%
FilmSnow Dogs
1.4%
FilmBlood and Wind
1.4%
FilmMary Reilly
1.4%
FilmLoch Ness
1.4%
TV MovieLiving with Dinosaurs
1.4%
TV SeriesPushing Daisies
1.4%
FilmThe Darjeeling Limited
0%
TV SeriesChildren of Dune
0%
FilmThe Master of Disguise
0%
FilmBirthday Girl
0%
TV MovieThe Lost Empire
0%
FilmMission to Mars
0%
FilmMy Favorite Martian
0%
Video SeriesCrayola Kids Adventures
0%
FilmThe Phantom
0%
FilmWild Hearts Can't Be Broken
0%
TV SeriesThe New Statesman
0%

You're not logged in!

Compare scores with friends on all Sporcle quizzes.
OR
Log In

You Might Also Like...

Show Comments

Extras

Top Quizzes Today


Score Distribution

Your Account Isn't Verified!

In order to create a playlist on Sporcle, you need to verify the email address you used during registration. Go to your Sporcle Settings to finish the process.

Report this User

Report this user for behavior that violates our Community Guidelines.

Details: